Vysokotemperaturnoje deformirovanije i termičeskaja obrabotka ferritov /

Gespeichert in:
Bibliographische Detailangaben
1. Verfasser: Bykov, Ju.A (Verfasst von)
Format: Buch
Sprache:Russisch
Veröffentlicht: Moskva : Metallurgija, 1988
Tags: Tag hinzufügen
Keine Tags, Fügen Sie das erste Tag hinzu!

MARC

LEADER 00000nam a22000003a 4500
001 stu1676
005 20150617225619.3
008 920525s1988----xxr-----------------rus-d
040 |a STU  |b slo 
041 0 |a rus 
044 |a xxr 
080 |a 621.762 
080 |a 669.1-15 
100 1 |a Bykov, Ju.A  |4 aut 
245 1 |a Vysokotemperaturnoje deformirovanije i termičeskaja obrabotka ferritov /  |c [aut.] Bykov,Ju.A 
260 |a Moskva :  |b Metallurgija,  |c 1988 
300 |a 215 s 
996 |b E70438  |c E*70438  |l EE11  |s P  |a 0  |w stu1676_0001